000
00443nam a2200145Ia 4500
008
100122s9999 xx 000 0 und d
082
_b
17298
_a
823.08
100
_a
हसमनीस द का
245
_a
दुसरी दिशा
260
_b
नवमहाराष्ट्र प्रकाशन
_c
1971
300
_a
131
630
_a
दुसरी दिशा
730
_a
दुसरी दिशा
942
_c
BOOK
999
_c
407065
_d
407062